Estudio de la realidad social argentina 1 /

Guardado en:
Autor Principal: Da Davero, Felipe
Formato: Libro
Publicado: Buenos Aires : Aragón, 1974
Materias:
Etiquetas: Agregar Etiqueta
Sin Etiquetas, Sea el primero en etiquetar este registro!
LEADER 00507nam a22001695a 4500
001 CEM.cems008655
005 20060214000000.0
008 130507s1974##################000#0#####d
003 CEMS
082 0 4 |a 309.82 
100 1 |a Da Davero, Felipe 
245 1 0 |a Estudio de la realidad social argentina 1 / 
260 |a Buenos Aires :  |b Aragón,  |c 1974 
300 |a 223 p. 
653 |a Educacion civica 1er. a¥o 
653 |a Medios masivos de comunicacion 
859 |a CEMS  |b BIB. CEMS - 11 de abril  |h 309.82  |i D279/I  |p 18078.95  |t Ej.1